000 00747nam a22002177a 4500
005 20150902150108.0
010 _aENG-113424
020 _a9789350351529
_c1100.00
035 _aEN-96956
037 _bDBAD/PUB
082 _a346.54059
100 _aAiyar, S.Krishnamurthi
245 _aCommentary on the Indian Trusts Act :
_cby S. Krishnamurthi Aiyar ; revised by S.K. Sarvaria...[et al]
_bincluding model trust deeds and forms /
250 _a7th ed
260 _aDelhi
_bUniversal Law Publishing
_c2012
270 _aC-FF-1A, Dilkhush Industrial Eastat, G.T.Karnal Road
_bDelhi
_e110033
300 _acxix,934p.
_c25cm(Hb)
500 _aIncludes index
700 _aSarvaria,S.K.
942 _2ddc
_cEN
_mAIY
_h346.54059
999 _c94792
_d94792